<?xml version="1.0" encoding="UTF-8"?>
<marc:record xmlns:marc="http://www.loc.gov/MARC21/slim">
   <marc:leader>00000nam a2200000 a 4500</marc:leader>
   <marc:datafield ind1="1" ind2=" " tag="100">
      <marc:subfield code="a">Singer, Detlef</marc:subfield>
      <marc:subfield code="4">aut</marc:subfield>
      <marc:subfield code="e">Verfasser/-in</marc:subfield>
   </marc:datafield>
   <marc:datafield ind1=" " ind2=" " tag="653">
      <marc:subfield code="a">Vögel</marc:subfield>
   </marc:datafield>
   <marc:datafield ind1=" " ind2=" " tag="653">
      <marc:subfield code="a">Mitteleuropa</marc:subfield>
   </marc:datafield>
   <marc:datafield ind1="0" ind2="0" tag="245">
      <marc:subfield code="a">Was fliegt denn da?</marc:subfield>
   </marc:datafield>
   <marc:datafield ind1="0" ind2="0" tag="245">
      <marc:subfield code="b">der Fotoband</marc:subfield>
   </marc:datafield>
   <marc:datafield ind1=" " ind2="1" tag="264">
      <marc:subfield code="b">Kosmos</marc:subfield>
      <marc:subfield code="c">2016</marc:subfield>
   </marc:datafield>
   <marc:datafield ind1="1" ind2=" " tag="520">
      <marc:subfield code="a">Vögel bestimmen mit der Nummer 1: 346 europäische Vogelarten können mit über 1.400 Fotos und Zeichnungen unkompliziert und sicher bestimmt werden. Dank des bewährten KOSMOS-Farbcodes findet man sich schnell im Buch zurecht. Jeder Vogel ist zusätzlich im Flug abgebildet und hat typische Merkmale die auf dem Foto erklärt sind. Dazu gibt es viel Wissenswertes und Beobachtungstipps. Mit dem TING-Stift (separat im Handel erhältlich) kann man alle Rufe und Gesänge der Vogelarten hörbar machen.</marc:subfield>
   </marc:datafield>
   <marc:datafield ind1=" " ind2=" " tag="020">
      <marc:subfield code="a">9783440150894</marc:subfield>
      <marc:subfield code="9">9783440150894</marc:subfield>
   </marc:datafield>
</marc:record>
